000 01068nam a22002177a 4500
999 _c32796
_d32796
003 OSt
005 20211123092439.0
008 140214b2021 slv spa
040 _cBMC
082 _a362.173
100 1 _945830
_aNavarrete Hernández, Steffanie Carolina
245 1 0 _aAplicación de las TIC's en la gestión del cuidado de enfermería en el primer nivel de atención
_b: Investigación, Informe final
_cSteffanie Carolina Navarrete Hernández, Josseline Tatiana Zarpate Reyes
260 _aSanta Ana (El Salvador)
_bUniversidad Católica de El Salvador
_c2021
300 _a1 folleto [30] h.
_c28 cm
_e+ 1 disco compacto
500 _aPrecede al tít.: Universidad Católica de El Salvador, Facultad de Ciencias de la Salud. Escuela de enfermería
502 _aPara optar al grado académico de: Licenciatura en enfermería
650 2 0 _924102
_aEnfermería de atención primaria
700 1 _945831
_aZarpate Reyes, Josseline Tatiana
710 2 _919917
_aUniversidad Católica de El Salvador
_bEscuela de Ciencias de la Salud
942 _2ddc
_cTG